| 000 | 00474nam a22001577a 4500 | ||
|---|---|---|---|
| 003 | NUST | ||
| 082 | _a200 | ||
| 100 |
_aSaad Bin Khalid _9119944 |
||
| 245 |
_aInternational Business Report / _cSaad Bin Khalid |
||
| 264 |
_aIslamabad _bNBS NUST _c2023 |
||
| 300 |
_aill: _b27,p: _c30,cm. |
||
| 650 |
_aMS-Business Administration _9126244 |
||
| 700 |
_aSupervisor: Dr. Adeel Khalid _9119945 |
||
| 856 | _uhttp://10.250.8.41:8080/xmlui/handle/123456789/38212 | ||
| 942 |
_2ddc _cSC |
||
| 999 |
_c607441 _d607441 |
||